| 000 | 00589nam a2200205Ia 4500 | ||
|---|---|---|---|
| 005 | 20250508165814.0 | ||
| 008 | 008 250505s9999 xx 000 0 eng d | ||
| 037 | _aTextual | ||
| 040 |
_aFEDL _beng _cFEDL |
||
| 041 |
_aeng _2eng |
||
| 084 |
_a370.19, SAL _qFEDL |
||
| 100 |
_aSalam Jeebanlata _9273675 |
||
| 245 | 0 | _aSocial exclusion and education | |
| 260 |
_aNew Delhi, India _bIndian Social Institute _c2004 |
||
| 300 | _aViii, 148p. | ||
| 365 |
_aINR _b100 |
||
| 546 | _aGifted by Prof. Krishna kumar | ||
| 942 |
_cTEXL _h370.19, SAL |
||
| 999 |
_c1397561 _d1397561 |
||